El árbol de los pañuelos
Continuación de la historia de “Los brujos de Ilamatepeque” de Ramón Amaya Amador. En está narración, el hijo de un ex soldado condenado a muerte regresa al pueblo de Ilamate por venganza de su padre, sin embargo, Balam Cano (hijo) se encuentra en una cruzada por descubrir su identidad y la influenc...
Gorde:
| Egile nagusia: | |
|---|---|
| Formatua: | Liburua |
| Hizkuntza: | Undetermined |
| Argitaratua: |
San José, Costa Rica
EDUCA
1972
|
| Gaiak: | |
| Etiketak: |
Etiketa erantsi
Etiketarik gabe, Izan zaitez lehena erregistro honi etiketa jartzen!
|
MARC
| LEADER | 00000nam a2200000Ia 4500 | ||
|---|---|---|---|
| 008 | 170316s9999 xx 000 0 und d | ||
| 040 | |a cru BVZT | ||
| 090 | |a 860 E-7a | ||
| 100 | |a Escoto, Julio |9 1405 | ||
| 245 | |a El árbol de los pañuelos | ||
| 260 | |a San José, Costa Rica | ||
| 260 | |b EDUCA | ||
| 260 | |c 1972 | ||
| 300 | |a 148 páginas | ||
| 520 | |a Continuación de la historia de “Los brujos de Ilamatepeque” de Ramón Amaya Amador. En está narración, el hijo de un ex soldado condenado a muerte regresa al pueblo de Ilamate por venganza de su padre, sin embargo, Balam Cano (hijo) se encuentra en una cruzada por descubrir su identidad y la influencia de la religión y su cultura. | ||
| 650 | |a LITERATURA LATINOAMERICANA |9 15 | ||
| 999 | |c 8650 |d 8650 | ||
| 942 | |c 4 D |h 860 E-7a |2 z | ||
